Ứng dụng GIS trên web trong quản lý đất nông nghiệp /
Saved in:
| Main Author: | |
|---|---|
| Format: | Article |
| Language: | Vietnamese |
| Subjects: | |
| Tags: |
Add Tag
No Tags, Be the first to tag this record!
|
| Institutions: | Thư viện Trường Đại học Đà Lạt |
|---|
| LEADER | 00803nam a2200265 4500 | ||
|---|---|---|---|
| 001 | DLU120144843 | ||
| 005 | ##20121217 | ||
| 040 | # | # | |a DLU |b vie |
| 041 | # | # | |a vie |
| 044 | # | # | |a vn |
| 100 | # | # | |a Lê Hoàng Sơn. |
| 245 | # | # | |a Ứng dụng GIS trên web trong quản lý đất nông nghiệp / |c Lê Hoàng Sơn. |
| 653 | # | # | |a Công nghệ GIG |
| 653 | # | # | |a Công nghệ thông tin |
| 653 | # | # | |a Quản lí đất đai |
| 773 | # | # | |t Tạp chí Khoa học Tự nhiên và Công nghệ |g Số 4(25), 2009, tr. 234-240 |
| 920 | # | # | |a Phòng Tạp chí -- Trung tâm Thông tin - Thư viện Trường Đại học Đà Lạt |
| 994 | # | # | |a DLU |
| 900 | # | # | |a True |
| 911 | # | # | |a Nguyễn Thị Linh Chi |
| 925 | # | # | |a G |
| 926 | # | # | |a A |
| 927 | # | # | |a BB |
| 980 | # | # | |a Thư viện Trường Đại học Đà Lạt |